LEADER 01077nam a22002773i 4500 001 991003939629707536 005 20030927091506.0 008 031111s1977 it |||||||||||||||||ita 035 $ab12495943-39ule_inst 035 $aARCHE-052921$9ExL 040 $aDip.to Lingue$bita$cA.t.i. Arché s.c.r.l. Pandora Sicilia s.r.l. 082 04$a822.3 100 1 $aMurry, John Middleton$0385498 245 10$aShakespeare /$cJohn Middleton Murry ; traduzione di Francesco Lo Bue 260 $aTorino :$bG. Einaudi,$c1977 300 $a439 p. ;$c20 cm 440 0$aEinaudi reprints ;$v104 600 14$aShakespeare, William 700 1 $aLo Bue, Francesco 907 $a.b12495943$b02-04-14$c13-11-03 912 $a991003939629707536 945 $aLE012 828.33 D MUR 1/A$g2$i2012000137752$lle012$o-$pE0.00$q-$rl$s- $t0$u1$v0$w1$x0$y.i12931433$z13-11-03 945 $aLE012 828.33 D MUR 1$g1$i2012000137745$lle012$o-$pE0.00$q-$rl$s- $t0$u0$v0$w0$x0$y.i12931445$z13-11-03 996 $aShakespeare$917179 997 $aUNISALENTO 998 $ale012$b13-11-03$cm$da $e-$fita$git $h0$i2